| 000 | 04800nam2a22003491 4500 | ||
|---|---|---|---|
| 001 | RU\NLR\A1SV\153694 | ||
| 005 | 20251214193052.0 | ||
| 035 | _a(NLR Aleph) 012128435 | ||
| 090 |
_a13493789 _c13493789 |
||
| 100 | _a20191017d1920 u y0rusy50 ca | ||
| 101 | 0 | _arus | |
| 200 | 0 | _aТ.12 | |
| 215 |
_a[1], 26, 4, 3, 4, 13, 8, 8, 4, 6, 6, 6, 9, 10, 12, 12, 4, 13 с., [1] л. карт. _cил. |
||
| 327 | 1 |
_aБорьба за обладание Северным Кавказом. Кабардинцы : (По данным Закавк. архивов) / Г.Прозрителев (С.1-26) _aРост цен на продукты в Ставрополе губернском : (По сведениям за нояб.-дек. 1919 г.) / Г.Прозрителев (С.1-4 2-й паг.) _aГидротехнические работы в Ставропольской губернии : (По данным управления земледелия) (С.1-3 3-й паг.) _aСыпучие пески и овраги в Ставропольской губернии : (По данным песчано-овражного отд. У.Г.И.) (С.1-4 4-й паг.) _aК изысканиям Кубано-Суркуль-Янкульского канала / И.И.Давидов (С.1-13 5-й паг.) |
|
| 327 | 1 |
_aКраткий очерк деятельности Ставропольского отделения Крестьянского поземельного банка за период с 1 февраля 1910 г. по 14 августа 1917 г. / П.Лашков (С.1-8 6-й паг.) _aОрганизация сети с.-х. опытных учреждений в Ставропольской губ. в связи с ее естественно-историческими особенностями / В.Златин (С.1-8 7-й паг., [1] л. карт.) _aО возможной утилизации вод реки Кумы для орошения в районе Туркменской степи Ставропольской губернии / В.Златин (С.1-4 8-й паг.) |
|
| 327 | 1 |
_aРазрешение саранчевого вопроса в Ставропольской губернии в связи с мелиоративными работами в нижнем течении р.Кумы / Л.Мориц (С.1-6 9-й паг.) _aПроект организации учреждений по борьбе с вредителями и болезнями сельскохозяйственных растений / Л.Мориц (С.1-6 10-й паг.) _aОрганизация центрального органа по опытному делу при Ставрополь-Кавказской сельскохозяйственной опытной станции / А.Хандурин (С.1-6 11-й паг.) _aКультура картофеля : (Сост. на основании опытов Ставрополь-Кавк. с.-х. опыт. станции) / А.Хандурин (С.1-9 12-й паг.) |
|
| 327 | 1 |
_aОбщинное землепользование и полеводство в Ставропольской губернии : По данным переписи 1916 г. / Л.Мордовин (С.1-10 13-й паг.) _aОбзор животного мира Ставропольской губернии / Л.Мориц (С.1-12 14-й паг.) _aРезультаты анализа зерна хлебов : озимой пшеницы, яровой пшеницы и ячменя из Ставропольской губернии / М.Бржезицкий (С.1-12 15-й паг.) _aЛекарственные растения Ставропольской губернии / Ф.Воробьев (С.1-4 16-й паг.) _aБиологические наблюдения над плодовой сатурнией Saturnia pyri Schiff / Л.Мориц (С.1-13 17-й паг.) |
|
| 461 | 1 |
_1001RU\NLR\A1SV\153693 _12000#$vТ.12 _912032612 _c[Ставрополь _d1920] _tСборник сведений о Северном Кавказе _vТ.12 |
|
| 702 | 1 |
_aВоробьев _bФ.И. _f1876- _gФедор Иванович |
|
| 702 | 1 |
_aБржезицкий _bМ.В. _f1887-1957 _gМихаил Васильевич |
|
| 702 | 1 |
_aДавидов _bИ.И. |
|
| 702 | 1 |
_aЗлатин _bВ.Г. _gВарфоломей Григорьевич |
|
| 702 | 1 |
_aЛашков _bП. |
|
| 702 | 1 |
_aМордовин _bЛ. |
|
| 702 | 1 |
_aМориц _bЛ.Д. _f1886-1938 _gЛеонид Дмитриевич |
|
| 702 | 1 |
_aПрозрителев _bГ.Н. _f1849-1934 _gГеоргий Николаевич |
|
| 702 | 1 |
_aХандурин _bА.Ф. _f1877- _gАлександр Федорович |
|
| 801 | 0 |
_aRU _bNLR _c20191017 |
|
| 942 | _cBOOK | ||
| 980 | _aA1SV | ||
| 980 | _aNB | ||